00670 a2200181 45000010006000000050017000060080041000230030015000640400040000790800030001192450079001490200022002282640044002503000023002945050144003170410008004611000019004696096320260407155859.0260407a1984 arg spa dAR-UNSa-BCEJYS aAR-UNSa-BCEJYSbspacAR-UNSa-BCEJYS a323.276xGolpes de estado10aLos gobiernos de factopante el derecho y ante la circunstancia política a978-950-14-0168-4 1aBuenos Aires :bEdiciones Depalmac1984 axx, 200 p.c23 cm. a1. Introducción y conceptos básicos - 2. Diversas vías y profundidades de la ruptura constitucional - 3. El principio de legitimidad  aspa1 aFink, Andrés